Report on the UNESCO-MAB/UNEP/NUS regional training course on computer - based quantitative methods for environmental biologists : Singapore, 22 April - 11 May 1985
1. General introduction, 2. Introduction to hardware & software systems, 3. Introduction to linear regression, 4. Nonlinear relationships
Zapisane w:
| 1. autor: | |
|---|---|
| Format: | Książka |
| Język: | Undetermined |
| Wydane: |
Jakarta Pusat, Indonesia
united nations educational scientific and cultural organization
1987
|
| Hasła przedmiotowe: | |
| Etykiety: |
Dodaj etykietę
Nie ma etykietki, Dołącz pierwszą etykiete!
|
| Thư viện lưu trữ: | Trung tâm Học liệu Trường Đại học Cần Thơ |
|---|
| LEADER | 00906nam a2200205Ia 4500 | ||
|---|---|---|---|
| 001 | CTU_221848 | ||
| 008 | 210402s9999 xx 000 0 und d | ||
| 082 | |a 577.0285 | ||
| 082 | |b G795 | ||
| 100 | |a Green, Roger | ||
| 245 | 0 | |a Report on the UNESCO-MAB/UNEP/NUS regional training course on computer - based quantitative methods for environmental biologists : | |
| 245 | 0 | |b Singapore, 22 April - 11 May 1985 | |
| 245 | 0 | |c Roger Green, Hong-Woo Khoo | |
| 260 | |a Jakarta Pusat, Indonesia | ||
| 260 | |b united nations educational scientific and cultural organization | ||
| 260 | |c 1987 | ||
| 520 | |a 1. General introduction, 2. Introduction to hardware & software systems, 3. Introduction to linear regression, 4. Nonlinear relationships | ||
| 650 | |a Sinh học môi trường,Environmental biology | ||
| 904 | |i Nguyễn An Khang,Hải | ||
| 980 | |a Trung tâm Học liệu Trường Đại học Cần Thơ | ||